| 000 | 01062nam a2200181 a 4500 | ||
|---|---|---|---|
| 001 | 000045057 | ||
| 005 | 20201002045837.0 | ||
| 008 | 150130s2012 dr a 000 0 spa d | ||
| 020 | _a9789945471328 | ||
| 040 |
_aDO-SdBNP _bspa _cBNPHU |
||
| 100 | 1 |
_aVargas de Castellanos, Dulce _973065 |
|
| 245 | 1 | 3 |
_aLa constitución dominicana infantil / _cDulce Vargas del Castellanos ; ilustraciones Roberto Carlos Rodríguez. |
| 260 |
_aSanto Domingo : _bCámara de Diputados, _c2012. |
||
| 300 |
_a148 p. : _bil. ; _c29 cm. |
||
| 505 | 0 |
_aDe la nación del estado, de su gobierno y de sus principios fundamentales -- _tDerechos garantías y deberes fundamentales -- _tEl Poder Legislativo -- _tEl Poder Ejecutivo -- _tEl Poder Judicial -- _tEl control constitucional -- _tEl sistema electoral -- _tRégimen económico -- _tDe la seguridad y la defensa -- _tDe los estados de excepción -- _tLas reformas constitucionales -- _tDisposiciones generales y transitorias |
|
| 700 | 1 |
_aRodríguez, Roberto Carlos _eil. _940903 |
|
| 710 | 2 |
_aCámara de Diputados (República Dominicana) _973066 |
|
| 999 |
_c44546 _d44546 |
||